00951 2200313 4500001002100000005001500021035002500036008004100061020002200102040001700124082001200141084001400153100003400167245009700201250001200298260003600310300003700346650003300383650003100416650003600447850001300483007000300496090001800499090002200517504003200539999002200571990002200593990002200615INLIS00000000001523820200616021135 a0010-101500000000972151024s2014 yoia g eng d a978-602-262-388-5 aYOPDYOGbeng04222a420 a420 SRI t1 aSri Barustyawati, A.A,d1978-00aTourism in words :bvocabulary and English for hospitality industry /cA.A. Sri Barustyawati aCet. 1. aYogyakarta :bGraha Ilmu,c2014 a83 halaman :bilustrasi ;c26 cm 4aBahasa Inggris--xPercakapan 4aBahasa Inggris--xKosakata 4aPariwisata dalam bahasa Inggris aBPAD DIYta aDEP 420 SRI t aCB-D.11 2014-1867 aBibliografi : halaman 71-72 aCB-D.11/2014-1867 aCB-D.11/2014-1867 aCB-D.11/2014-1867